Hamlet / (Record no. 288877)
[ view plain ]
| 000 -LEADER | |
|---|---|
| fixed length control field | 00784cam a2200241 a 4500 |
| 003 - CONTROL NUMBER IDENTIFIER | |
| control field | PILC |
| 005 - DATE AND TIME OF LATEST TRANSACTION | |
| control field | 20151029102054.0 |
| 008 - FIXED-LENGTH DATA ELEMENTS--GENERAL INFORMATION | |
| fixed length control field | 940909s1994 ilua 000 0 eng |
| 010 ## - LIBRARY OF CONGRESS CONTROL NUMBER | |
| LC control number | 92060871 |
| 020 ## - INTERNATIONAL STANDARD BOOK NUMBER | |
| International Standard Book Number | 1586638440 (pbk.) |
| 050 00 - LIBRARY OF CONGRESS CALL NUMBER | |
| Classification number | PR 2807 |
| Item number | .Sh527 2003 |
| 100 1# - MAIN ENTRY--PERSONAL NAME | |
| Personal name | Shakespeare, William, |
| Dates associated with a name | 1564-1616. |
| 245 10 - TITLE STATEMENT | |
| Title | Hamlet / |
| Statement of responsibility, etc | [edited by John Crowther]. |
| 300 ## - PHYSICAL DESCRIPTION | |
| Extent | xii, 337 pages : |
| Other physical details | illustrations ; |
| Dimensions | 19 cm. |
| 440 #0 - SERIES STATEMENT/ADDED ENTRY--TITLE | |
| Title | No Fear Shakespeare. |
| 500 ## - GENERAL NOTE | |
| General note | At head of cover title: Shakespeare side-by-side plain English. |
| 500 ## - GENERAL NOTE | |
| General note | "The play plus a translation that anyone can understand"--Cover. |
| 650 #0 - SUBJECT ADDED ENTRY--TOPICAL TERM | |
| Topical term or geographic name as entry element | Hamlet (Legendary character) |
| Form subdivision | Drama. |
| 650 #0 - SUBJECT ADDED ENTRY--TOPICAL TERM | |
| Topical term or geographic name as entry element | Princes |
| Form subdivision | Drama. |
| 651 #0 - SUBJECT ADDED ENTRY--GEOGRAPHIC NAME | |
| Geographic name | Denmark |
| Form subdivision | Drama. |
| 700 1# - ADDED ENTRY--PERSONAL NAME | |
| Personal name | Crowther, John. |
| 942 ## - ADDED ENTRY ELEMENTS (KOHA) | |
| Source of classification or shelving scheme | Library of Congress Classification |
| Koha item type | Books |
| Withdrawn status | Lost status | Source of classification or shelving scheme | Damaged status | Home library | Current library | Shelving location | Date acquired | Source of acquisition | Sub Shelving location | Total Checkouts | Total Renewals | Full call number | Barcode | Date last seen | Date checked out | Price effective from | Koha item type |
|---|---|---|---|---|---|---|---|---|---|---|---|---|---|---|---|---|---|
| Library of Congress Classification | Luxembourg Library | Luxembourg Library | International Baccalaureate Section | 10/29/2015 | Library Fund | 1 | 4 | PR 2807 .Sh527 2003 | 15912 | 06/17/2017 | 05/15/2017 | 10/29/2015 | Books |